000
00307nam a22001457a 4500
003
SGT
082
_a
611
_b
A14N
100
_a
NETTER, FRANK. H.
245
_a
ATLAS OF HUMAN ANATOMY
250
_a
6TH
260
_a
DELHI
_b
ELSEVIER
_c
2014
300
_a
531+143
650
_a
ANATOMY ATLAS
942
_2
ddc
_c
BK
_0
2
999
_c
8505
_d
8505